Proceso productivo y control del trabajo en las plantaciones bananeras del Pacífico costarricense (1938-1970) /
Estudio que examina el proceso productivo y las dinámicas de control del trabajo en las plantaciones bananeras en la región del Pacífico costarricense durante el periodo comprendido entre 1938 y 1970. Los autores realizan un análisis detallado de la estructura productiva de las plantaciones de banan...
Gorde:
| Egile nagusia: | |
|---|---|
| Beste egile batzuk: | |
| Formatua: | Liburua |
| Hizkuntza: | Spanish |
| Gaiak: | |
| Etiketak: |
Etiketa erantsi
Etiketarik gabe, Izan zaitez lehena erregistro honi etiketa jartzen!
|
MARC
| LEADER | 00000nam a22000007a 4500 | ||
|---|---|---|---|
| 003 | cru IIS | ||
| 005 | 20240118154024.0 | ||
| 008 | 220524s2019 cr |||p|r|||| 00| 0 spa d | ||
| 040 | |c cru IIS | ||
| 100 | 1 | |9 10445 |a Hernández Rodríguez, Carlos |e Autor | |
| 245 | |a Proceso productivo y control del trabajo en las plantaciones bananeras del Pacífico costarricense (1938-1970) / |c Carlos Hernández Rodríguez, Ana Luisa Cerdas Albertazzi | ||
| 300 | |a páginas 95-124 | ||
| 500 | |a Colección Centroamérica | ||
| 520 | |a Estudio que examina el proceso productivo y las dinámicas de control del trabajo en las plantaciones bananeras en la región del Pacífico costarricense durante el periodo comprendido entre 1938 y 1970. Los autores realizan un análisis detallado de la estructura productiva de las plantaciones de banano, destacando las tecnologías y prácticas implementadas en el proceso de cultivo y cosecha. Asimismo, se exploran las estrategias de control laboral empleadas por las empresas bananeras, examinando las condiciones de trabajo, las relaciones laborales y las formas de resistencia de los trabajadores. El artículo proporciona una visión integral de la interacción entre el proceso productivo y las dinámicas de poder en el contexto de las plantaciones bananeras, subrayando la importancia de comprender la complejidad de estas relaciones para una evaluación precisa del desarrollo histórico y social de la región. RAR 01/2024 | ||
| 650 | 0 | |a BANANOS |2 OCDE |9 562 | |
| 650 | 0 | |a FACTORES DE PRODUCCION |2 OCDE |9 3495 | |
| 650 | 0 | |a CONDICIONES DE TRABAJO |2 OCDE |9 1481 | |
| 650 | 0 | |a RELACIONES LABORALES |2 OCDE |9 2799 | |
| 650 | 0 | |a TECNOLOGIA |2 OCDE |9 1698 | |
| 650 | 0 | |a ASPECTOS AGRICOLAS |2 OCDE |9 10019 | |
| 650 | 0 | |a RESISTENCIA POPULAR |2 OCDE |9 5208 | |
| 650 | 0 | |a CULTIVOS TROPICALES |2 OCDE |9 1298 | |
| 651 | 0 | |a COSTA RICA |2 OCDE |9 32 | |
| 700 | 1 | |9 10446 |a Cerdas Albertazzi, Ana Luisa |e Autora | |
| 773 | 0 | |0 40579 |9 7198 |a Universidad Nacional de Costa Rica |d Heredia, Costa Rica: EUNA |o 22561 |t Revista de Historia / |x 10129790 | |
| 942 | |2 ddc |c PP | ||
| 999 | |c 44266 |d 44266 | ||
